000 00273nam a22001337a 4500
003 SGT
020 _a9788190744911
082 _a070
_bN08V
100 _aVASISHT, SHANTA
245 _aNEHRU TO IRAQ
260 _bHARMAN PUBLISHING
_c2008
300 _a105
942 _2ddc
_cBK
999 _c28847
_d28847